| 000 | 01031nam a22002777a 4500 | ||
|---|---|---|---|
| 005 | 20121121163416.0 | ||
| 008 | 090408t xxu||||| |||| 00| 0 hin d | ||
| 010 | _aHIN-97472 | ||
| 020 |
_c180.00 _a9788188285532 |
||
| 035 | _aHN-69818 | ||
| 037 | _bDBAD / PUB | ||
| 040 |
_aDPL _bHN |
||
| 082 | _aक | ||
| 100 |
_927482 _aगुप्त, योगेश |
||
| 245 |
_aनिष्कृति / _cयोगेश गुप्त |
||
| 260 |
_bनया साहित्य केन्द्र _c2010 _aदिल्ली |
||
| 270 |
_aइ 1/265, सोनिया विहार _bदिल्ली _e110094 |
||
| 300 | 1 |
_a112पृ. _c22सेमी (सजिल्द) |
|
| 650 | _91169 | ||
| 700 | _927483 | ||
| 700 | _953703 | ||
| 710 | _952094 | ||
| 711 | _952444 | ||
| 942 |
_adpl _cHN _2ddc _mगुप्तयो _hक |
||
| 999 |
_c71559 _d71559 |
||